|
|
|
|
| LEADER |
01293cam a2200349 a 4500 |
| 001 |
c000216275 |
| 003 |
CARM |
| 005 |
19930927000000.0 |
| 008 |
800117s1980 nju b 001 0 eng |
| 010 |
|
|
|a 80010094
|
| 019 |
1 |
|
|a 1625423
|5 LACONCORD2021
|
| 020 |
|
|
|a 0898590426
|
| 035 |
|
|
|a (OCoLC)5992291
|5 LACONCORD2021
|
| 040 |
|
|
|a LC
|b eng
|c LC
|d ABN-SNR
|
| 050 |
0 |
0 |
|a RJ506.D78
|b S44 1980
|
| 082 |
0 |
0 |
|a 378/.1981
|2 19
|
| 100 |
1 |
|
|a Segal, Bernard,
|d 1936-
|
| 245 |
1 |
0 |
|a Drugs, daydreaming, and personality :
|b a study of college youth /
|c Bernard Segal, George J. Huba, Jerome L. Singer.
|
| 260 |
|
|
|a Hillsdale, N.J. :
|b L. Erlbaum Associates,
|c 1980.
|
| 300 |
|
|
|a xii, 254 p. ;
|c 24 cm.
|
| 500 |
|
|
|a Includes indexes.
|
| 504 |
|
|
|a Bibliography: p. 232-243.
|
| 650 |
|
0 |
|a Adolescent psychiatry.
|
| 650 |
|
0 |
|a Adolescent psychology.
|
| 650 |
|
0 |
|a Personality in adolescence.
|
| 650 |
|
0 |
|a Drug abuse.
|
| 650 |
|
0 |
|a Fantasy.
|
| 700 |
1 |
|
|a Singer, Jerome L.
|q (Jerome Leonard),
|d 1924-,
|e joint author.
|
| 700 |
1 |
|
|a Huba, George J,
|e joint author.
|
| 852 |
8 |
|
|b CARM
|h A2:AM25A0
|i B05907
|p 0254869
|f BK
|
| 999 |
f |
f |
|i fad2d3fc-8c6f-5da8-a383-f6b8c38c8638
|s fe252ca4-d0ed-5a94-83fd-25ad80d44b97
|
| 952 |
f |
f |
|p Can circulate
|a CAVAL
|b CAVAL
|c CAVAL
|d CARM 1 Store
|e B05907
|f A2:AM25A0
|h Other scheme
|i book
|m 0254869
|